Men in black (Record no. 69)

MARC details
000 -LEADER
fixed length control field 02965cgm a2200613Ia 4500
003 - CONTROL NUMBER IDENTIFIER
control field data
005 - DATE AND TIME OF LATEST TRANSACTION
control field 20260322212005.0
007 - PHYSICAL DESCRIPTION FIXED FIELD--GENERAL INFORMATION
fixed length control field data
008 - FIXED-LENGTH DATA ELEMENTS--GENERAL INFORMATION
fixed length control field data
020 ## - INTERNATIONAL STANDARD BOOK NUMBER
International Standard Book Number 0767891236
020 ## - INTERNATIONAL STANDARD BOOK NUMBER
International Standard Book Number 9780767891233
024 10 - OTHER STANDARD IDENTIFIER
Standard number or code 043396087712
028 42 - PUBLISHER OR DISTRIBUTOR NUMBER
Publisher or distributor number 08771
Source Amblin Entertainment
040 ## - CATALOGING SOURCE
Original cataloging agency OWL
Transcribing agency OWL
Modifying agency OUN
-- OCLCQ
-- OUN
041 1# - LANGUAGE CODE
Language code of text/sound track or separate title engfre
Language code of original eng
Language code of summary or abstract canmanspa
Language code of original eng
Language code of accompanying material other than librettos and transcripts eng
099 ## - LOCAL FREE-TEXT CALL NUMBER (OCLC)
Classification number DVD 710
001 - CONTROL NUMBER
control field data
245 10 - TITLE STATEMENT
Title Men in black
Medium [videorecording] /
Statement of responsibility, etc. Barry Sonnenfeld ... [et al.].
246 10 - VARYING FORM OF TITLE
Title proper/short title MIB
Medium [videorecording]
250 ## - EDITION STATEMENT
Edition statement Deluxe ed.
260 ## - PUBLICATION, DISTRIBUTION, ETC.
Place of publication, distribution, etc. Culver City, Calif. :
Name of publisher, distributor, etc. Columbia TriStar Home Video,
Date of publication, distribution, etc. [2002]
300 ## - PHYSICAL DESCRIPTION
Extent 2 videodiscs (98 min.) :
Other physical details sd., col. ;
Dimensions 4 3/4 in. +
Accompanying material 1 booklet ([12] p. : ill. ; 18 cm.)
500 ## - GENERAL NOTE
General note Based on the Marvel comic by Lowell Cunningham.
500 ## - GENERAL NOTE
General note Originally produced as motion picture in 1997.
500 ## - GENERAL NOTE
General note Special features: Disc 1, digitally mastered audio and anamorphic voice ; widescreen and full screen presentations ; visual and audio commentary ; subtitles in English, French, Spanish, Cantonese, Mandarin ; Disc 2, MIM II teaser trailer ; secret files - sneak peek at MIB II ; extended and alternate scenes ; music video by Will Smith and Mikey ; storyboard comparisons; theatrical trailers ; MEN IN BLACK documentary ; animated menues ; production notes ; scene editing workshop ; conceptual art gallery ; DVD ROM and web links.
508 ## - CREATION/PRODUCTION CREDITS NOTE
Creation/production credits note Director of photography, Don Peterman ; film editor, Jim Miller ; music, Danny Elfman.
511 1# - PARTICIPANT OR PERFORMER NOTE
Participant or performer note Tommy Lee Jones, Will Smith, Linda Fiorentino, Vincent D'Onofrio, Rip Torn, Tony Shalhoub.
520 ## - SUMMARY, ETC.
Summary, etc. New York City is being threatened by a villainous bug who has inhabited the body of a farmer. The mission is to locate and exterminate the bug before it destroys the planet.
521 8# - TARGET AUDIENCE NOTE
Target audience note Rated PG-13.
538 ## - SYSTEM DETAILS NOTE
System details note DVD; 2-channel Dolby surround or Dolby digital 5.1 (English), Dolby surround (French)
546 ## - LANGUAGE NOTE
Language note In English with optional French soundtrack; optional subtitles in English, French, Spanish, Cantonese, or Mandarin; closed-captioned in English for the hearing impaired.
546 ## - LANGUAGE NOTE
Language note Closed captioned.
650 #0 - SUBJECT ADDED ENTRY--TOPICAL TERM
Topical term or geographic name entry element Men in black (UFO phenomenon)
650 #0 - SUBJECT ADDED ENTRY--TOPICAL TERM
Topical term or geographic name entry element Life on other planets
Form subdivision Drama.
650 #0 - SUBJECT ADDED ENTRY--TOPICAL TERM
Topical term or geographic name entry element Science fiction films.
650 #0 - SUBJECT ADDED ENTRY--TOPICAL TERM
Topical term or geographic name entry element Feature films.
650 #0 - SUBJECT ADDED ENTRY--TOPICAL TERM
Topical term or geographic name entry element Video recordings for the hearing impaired.
650 #0 - SUBJECT ADDED ENTRY--TOPICAL TERM
Topical term or geographic name entry element Extraterrestrial beings
Form subdivision Drama.
650 #0 - SUBJECT ADDED ENTRY--TOPICAL TERM
Topical term or geographic name entry element Documentary films.
700 1# - ADDED ENTRY--PERSONAL NAME
Personal name Sonnenfeld, Barry.
700 1# - ADDED ENTRY--PERSONAL NAME
Personal name Parkes, Walter F.
700 1# - ADDED ENTRY--PERSONAL NAME
Personal name McDonald, Laurie.
700 1# - ADDED ENTRY--PERSONAL NAME
Personal name Solomon, Ed.
700 1# - ADDED ENTRY--PERSONAL NAME
Personal name Jones, Tommy Lee,
Dates associated with a name 1946-
700 1# - ADDED ENTRY--PERSONAL NAME
Personal name Smith, Will,
Dates associated with a name 1968-
700 1# - ADDED ENTRY--PERSONAL NAME
Personal name Fiorentino, Linda.
700 1# - ADDED ENTRY--PERSONAL NAME
Personal name D'Onofrio, Vincent.
700 1# - ADDED ENTRY--PERSONAL NAME
Personal name Torn, Rip,
Dates associated with a name 1931-
700 1# - ADDED ENTRY--PERSONAL NAME
Personal name Shalhoub, Tony,
Dates associated with a name 1953-
700 1# - ADDED ENTRY--PERSONAL NAME
Personal name Cunningham, Lowell.
710 2# - ADDED ENTRY--CORPORATE NAME
Corporate name or jurisdiction name as entry element Columbia Pictures.
710 2# - ADDED ENTRY--CORPORATE NAME
Corporate name or jurisdiction name as entry element Amblin Entertainment (Firm)
710 2# - ADDED ENTRY--CORPORATE NAME
Corporate name or jurisdiction name as entry element Columbia TriStar Home Video (Firm)
Holdings
Withdrawn status Lost status Damaged status Not for loan Home library Current library Shelving location Date acquired Total checkouts Full call number Barcode Date last seen Price effective from Koha item type
        Riverside Riverside General stacks 22/03/2026   GEN BC0010072 22/03/2026 22/03/2026 Books